Machine vision systems : a summary and forecast /

Tallennettuna:
Bibliografiset tiedot
Päätekijä: Sanderson, Ronald J.
Yhteisötekijä: Tech Tran Corporation
Aineistotyyppi: Kirja
Kieli:English
Julkaistu: Naperville, Ill., USA (134 N. Washington St., Naperville 60540) : Tech Tran Corp., c1983.
Aiheet:
LEADER 01084cam a2200277 a 4500
001 c000227060
003 CARM
005 20061205111738.0
008 830811s1983 ilua b 000 0 eng
019 1 |a 2846480  |z 25487285  |5 LACONCORD2021 
035 |a (OCoLC)9450713  |5 LACONCORD2021 
040 |a LC  |b eng  |c LC  |d WLB 
043 |a n-us--- 
050 0 0 |a TA1632  |b .S24 1983 
082 0 4 |a 621.36/7  |2 19 
100 1 |a Sanderson, Ronald J. 
245 1 0 |a Machine vision systems :  |b a summary and forecast /  |c Ronald J. Sanderson. 
260 |a Naperville, Ill., USA (134 N. Washington St., Naperville 60540) :  |b Tech Tran Corp.,  |c c1983. 
300 |a viii, 162 p. :  |b ill. ;  |c 28 cm. 
504 |a Bibliography: p. 150-155. 
650 0 |a Image processing. 
650 0 |a Image processing equipment industry  |z United States. 
710 2 |a Tech Tran Corporation. 
852 8 |b CARM  |h A2:AH13H0  |i F01263  |p 0317138  |f BK 
999 f f |i 0d7437d0-40e0-5a6d-aa7c-64d52c704212  |s 70f610dd-ca63-5d5d-a3f3-61e02ab1c7fc 
952 f f |p Can circulate  |a CAVAL  |b CAVAL  |c CAVAL  |d CARM 1 Store  |e F01263  |f A2:AH13H0  |h Other scheme  |i book  |m 0317138